• 首页
  • 本馆介绍
  • 公告通知
  • 最新文献
  • 馆藏检索
  • 电子资源
  • 读者导购
  • 参考咨询
  • 我的图书馆
  • 登录
  • 详细信息显示
  • 放入我的书架
  • 预约/预借图书
  • 作者相关作品
  • 分类相关作品
  • 丛书相关作品
  • 出版社相关作品

书目信息

  • 表格格式
  • 工作单格式
  • 卡片格式
题名:
海洋奥秘
    
 
作者: 黄明哲 主编
分册:  
出版信息: 北京   中国科学技术出版社  2013
页数: 154页
开本: 23cm
丛书名:
单 册:
中图分类: P74
科图分类:
主题词: 高技术--应用--海洋开发--普及读物
电子资源:
ISBN: 978-7-5046-5763-3
000 00906nam0 2200265 450
001 012024000297
005 20240924225236.0
010    @a978-7-5046-5763-3@dCNY29.90
100    @a20240924d2013 em y0chiy50 ea
101 0  @achi
102    @aCN@b110000
105    @aa z 000yy
106    @ar
200 1  @a海洋奥秘@Ahai yang ao mi@e高科技与海洋@f黄明哲主编
205    @a第2版
210    @a北京@c中国科学技术出版社@d2013
215    @a154页@c照片,彩图@d23cm
300    @a科普热点 全民科学素质行动计划纲要书系
330    @a本书分人类重返海洋、海洋物质资源、海洋生物资源、海洋空间资源四篇,介绍了高科技与海洋知识。
517 1  @a高科技与海洋@Agao ke ji yu hai yang
606 0  @a高技术@x应用@x海洋开发@j普及读物
690    @aP74@v5
701  0 @a黄明哲@Ahuang ming zhe@c(科普)@4主编
801  0 @aCN@bAHXH@c20240924
905    @b214141258@b214141267@b214141276@b214141285@b214141294@dP74@e153@f5
    
    海洋奥秘:高科技与海洋/黄明哲主编 .-第2版.-北京:中国科学技术出版社,2013
    154页:照片,彩图;23cm
    科普热点 全民科学素质行动计划纲要书系
    
    ISBN 978-7-5046-5763-3:CNY29.90
    本书分人类重返海洋、海洋物质资源、海洋生物资源、海洋空间资源四篇,介绍了高科技与海洋知识。
●
相关链接 在E读中查询图书 在五车中查询图书 在当当中查询图书 在豆瓣中查询图书


正题名:海洋奥秘     索取号:P74/153         预约/预借

序号 登录号 条形码 馆藏地/架位号 状态 备注
1 1414125   214141258   第二样本阅览室/ [索取号:P74/153] 在馆    
2 1414126   214141267   第三借阅区/ [索取号:P74/153] 在馆    
3 1414127   214141276   第三借阅区/ [索取号:P74/153] 在馆    
4 1414128   214141285   第三借阅区/ [索取号:P74/153] 在馆    
5 1414129   214141294   第三借阅区/ [索取号:P74/153] 在馆    
唐山师范学院图书馆 欢迎您!
大连网信软件有限公司© 版权所有